| 000 | 00834 a2200301 4500 | ||
|---|---|---|---|
| 999 |
_c15757 _d37553 |
||
| 001 | 15757 | ||
| 003 | TR-AnTOB | ||
| 005 | 20200413103623.0 | ||
| 008 | 140614s2000 tu 000 0 d | ||
| 020 | _a975486945X | ||
| 040 |
_aTR-AnTOB _cTR-AnTOB |
||
| 041 | _atur | ||
| 050 | 4 |
_aTA352 _b.B35 2000 |
|
| 090 | _aTA352 .B35 2000 | ||
| 100 | 1 |
_aBakioglu, Mehmet _96293 |
|
| 245 | 1 | 0 |
_aDinamik : _bkısa teori ve problemler / _cMehmet Bakioğlu. |
| 264 | 1 |
_aİstanbul : _bBeta, _c2000. |
|
| 300 | _aviii, 541 sayfa ; | ||
| 336 |
_2rdacontent _atext _btxt |
||
| 337 |
_2rdamedia _aunmediated _bn |
||
| 338 |
_2rdacarrier _avolume _bnc |
||
| 490 | 0 |
_aBeta Yayınları ; _v1043 _aTeknik Dizi ; _v69 |
|
| 500 | _aIncludes index. | ||
| 504 | _aBibliography : p. 540-541 | ||
| 650 |
_aDinamik _921061 |
||
| 942 |
_cBK _2lcc |
||